Polskie filmy - Statystyki

Ogólne statystyki
  • Ten quiz został rozwiązany 505 razy
  • Średni wynik to 7 z 27
Statystyki odpowiedzi
Data premiery Reżyser Tytuł filmu % Poprawnych
4 maja 1981 Stanisław Bareja Miś
59%
8 lutego 1999 Jerzy Hoffman Ogniem i mieczem
54%
9 kwietnia 2005 Patryk Vega Pitbull
54%
25 lutego 2000 Olaf Lubaszenko Chłopaki nie płaczą
53%
6 września 2002 Roman Polański Pianista
50%
21 września 2007 Andrzej Wajda Katyń
41%
2 września 1960 Aleksander Ford Krzyżacy
41%
15 września 1967 Sylwester Chęciński Sami swoi
38%
1 marca 1982 Juliusz Machulski Vabank
37%
20 kwietnia 1957 Andrzej Wajda Kanał
31%
9 stycznia 1973 Andrzej Wajda Wesele
29%
7 października 2016 Wojciech Smarzowski Wołyń
29%
3 października 1958 Andrzej Wajda Popiół i diament
28%
14 września 2001 Jerzy Kawalerowicz Quo vadis
24%
4 października 2002 Andrzej Wajda Zemsta
23%
17 września 2004 Juliusz Machulski Vinci
22%
21 lutego 1975 Andrzej Wajda Ziemia obiecana
21%
30 lipca 2014 Jan Komasa Miasto 44
19%
23 września 1975 Jerzy Antczak Noce i dnie
19%
11 marca 1988 Krzysztof Kieślowski Krótki film o zabijaniu
14%
25 września 1965 Andrzej Wajda Popioły
13%
3 lutego 2012 Wojciech Smarzowski Róża
12%
2 kwietnia 1970 Tadeusz Chmielewski Jak rozpętałem drugą wojnę światową
10%
7 lutego 2014 Władysław Pasikowski Jack Strong
7%
26 stycznia 1955 Andrzej Wajda Pokolenie
7%
22 maja 2009 Xawery Żuławski Wojna polsko-ruska
6%
9 maja 2014 Jan Komasa Postanie Warszawskie
3%
Nie znaleziono quizów pasujących do podanych kryteriów
Rozkład punktacji
Procent ludzi z każdym wynikiem
Percentyl według liczby udzielonych odpowiedzi
Twoja historia wyników
Nie rozwiązałeś tego quizu